000 00512nam a2200193Ia 4500
005 20230201111703.0
008 131103s9999 xx 000 0 und d
040 _aLoreto College
041 _aEnglish
082 _a881
_bPIN
100 _aBowra, C. M.
245 _aPindari carmina
_b cvm fragmentis
_cC. M. Bowra
260 _aGreat Britain
_bAt The University Press, Oxford
_c1980
300 _a291p.
504 _aIncludes index
650 _aClassical Greek poetry
850 _aLCLIB
942 _cBK
999 _c22877
_d73356